| 000 | 00415nam a22001697a 4500 | ||
|---|---|---|---|
| 003 | OSt | ||
| 020 | _a9789380712284 | ||
| 082 |
_a658.15 _bSAW/WO |
||
| 100 | _aSawalia Bihari Verma | ||
| 245 | _aWorking Capital Management | ||
| 250 | _a1st | ||
| 260 |
_aNew Delhi _bVayu Education of India _c2010 |
||
| 300 | _a238 | ||
| 650 | _aOptimum Working Capital | ||
| 700 | _aSawalia Bihari Verma | ||
| 942 |
_2ddc _cBK |
||
| 999 |
_c189284 _d189284 |
||